| 000 | 00662cam a2200169 a 4500 | ||
|---|---|---|---|
| 020 | _a082130240X | ||
| 082 | 0 | 0 |
_a352.00047 _bCOC _cD |
| 100 | 1 |
_aCochrane, Glynn. _937889 |
|
| 245 | 1 | 0 |
_aPolicies for strenghthening local government in developing countries / _cGlynn Cochrane. |
| 260 |
_aWashington, D.C., U.S.A. : _bWorld Bank, _cc1983. |
||
| 300 |
_a57 p. ; _c28 cm. |
||
| 490 | 1 |
_aWorld Bank staff working papers ; _aManagement and development series ; |
|
| 526 |
_a0 _b0 _c0 _d352_000470000000000_COC |
||
| 650 | 0 |
_aIntergovernmental fiscal relations _zDeveloping countries. _937107 |
|
| 650 | 0 |
_aLocal government _zDeveloping countries. _923626 |
|
| 942 |
_2ddc _cBK |
||
| 999 |
_c542637 _d542637 |
||